Sports Quiz

Random Sports or University Quiz

Any Final Four Team by Year (Women's) Quiz Stats

 Plays Quiz Updated Apr 7, 2019

Score 0/38 Timer 02:00
2 Plays Today
Year Teams % Correct
2003Connecticut*, Duke, Tennessee, Texas
99.4%
2002Connecticut*, Duke, Oklahoma, Tennessee
99.2%
1995Connecticut*, Georgia, Stanford, Tennessee
98.9%
1996Connecticut, Georgia, Stanford, Tennessee*
98.9%
2008Connecticut, Louisiana State, Stanford, Tennessee*
98.8%
2014Connecticut*, Maryland, Notre Dame, Stanford
98.8%
1991Connecticut, Stanford, Tennessee*, Virginia
98.8%
2012Baylor*, Connecticut, Notre Dame, Stanford
98.8%
2015Connecticut*, Maryland, Notre Dame, South Carolina
98.7%
2013California, Connecticut*, Louisville, Notre Dame
98.7%
2004Connecticut*, Louisiana State, Minnesota, Tennessee
98.7%
2010Baylor, Connecticut*, Oklahoma, Stanford
98.6%
2001Connecticut, Notre Dame*, Purdue, Southwest Missouri State
98.6%
2000Connecticut*, Pennsylvania State, Rutgers, Tennessee
98.6%
2017Connecticut, Mississippi State, South Carolina*, Stanford
98.5%
2009Connecticut*, Louisville, Oklahoma, Stanford
98.5%
2011Connecticut, Notre Dame, Stanford, Texas A&M*
98.5%
2018Connecticut, Louisville, Mississippi State, Notre Dame*
98.4%
2016Connecticut*, Oregon State, Syracuse, Washington
97.9%
Year Teams % Correct
2019Baylor*, Connecticut, Notre Dame, Oregon
97.2%
1997Notre Dame, Old Dominion, Stanford, Tennessee*
96.9%
2005Baylor*, Louisiana State, Michigan State, Tennessee
96.5%
1986Southern California, Tennessee, Texas*, Western Kentucky
96.3%
2007Louisiana State, North Carolina, Rutgers, Tennessee*
96.2%
1987Long Beach State, Louisiana Tech, Tennessee*, Texas
95.6%
1984Cheyney State, Louisiana Tech, Southern California*, Tennessee
95.2%
1989Auburn, Louisiana Tech, Maryland, Tennessee*
94.9%
1982Cheyney State, Louisiana Tech*, Maryland, Tennessee
94.6%
1998Arkansas, Louisiana Tech, North Carolina State, Tennessee*
94.2%
1988Auburn, Long Beach State, Louisiana Tech*, Tennessee
94.2%
2006Duke, Louisiana State, Maryland*, North Carolina
91.5%
1999Duke, Georgia, Louisiana Tech, Purdue*
91.3%
1990Auburn, Louisiana Tech, Stanford*, Virginia
91.1%
1983Georgia, Louisiana Tech, Old Dominion, Southern California*
89%
1992Southwest Missouri State, Stanford*, Virginia, Western Kentucky
88.1%
1994Alabama, Louisiana Tech, North Carolina*, Purdue
87.1%
1985Georgia, Louisiana-Monroe, Old Dominion*, Western Kentucky
75.7%
1993Iowa, Ohio State, Texas Tech*, Vanderbilt
44.4%

You're not logged in!

Compare scores with friends on all Sporcle quizzes.
OR
Log In

Show Comments

Extras

Top Quizzes Today


Score Distribution

Your Account Isn't Verified!

In order to create a playlist on Sporcle, you need to verify the email address you used during registration. Go to your Sporcle Settings to finish the process.

Report this User

Report this user for behavior that violates our Community Guidelines.

Details: